000 00233nam a22001097a 4500
040 _cSK
082 _a448
100 _aSOK PEAV
245 _aMethode de francais pour la classe propedeutique
260 _aRUA
_bSOK
_c2010
942 _cFB
999 _c8456
_d8456